Membuat Model Roket

Bibliographic Details
Main Author: Suraidah Hj.Buderi
Format: Book
Published: Negeri Sembilan : KZ Berjaya Enterprise , 2008
Series:Siri Bina Sahsiah

MARC

LEADER 00000cam a2200000 7i4500
001 0000046190
005 20150408.0
008 150310
020 |a 9789833763252 
020 |a 9789833763337 (set) 
090 0 0 |a MOR   |b MAL 
100 0 |a Suraidah Hj.Buderi 
245 1 0 |a Membuat Model Roket   |c Suraidah Hj.buderi 
260 |a Negeri Sembilan :   |b KZ Berjaya Enterprise ,   |c 2008 
490 0 |a Siri Bina Sahsiah 
999 |a 0001062465   |b Book   |c Children Collection   |e Cawangan Taman Sri Lambak 
999 |a 0001092900   |b Book   |c Children Collection   |e Cawangan Mersing 
999 |a 0001093786   |b Book   |c Children Collection   |e Cawangan Segamat 
999 |a 0001093810   |b Book   |c Children Collection   |e Cawangan Bukit Gambir 
999 |a 0001093818   |b Book   |c Children Collection   |e Cawangan Tangkak 
999 |a 0001093842   |b Book   |c Children Collection   |e Cawangan Taman Universiti 
999 |a 0001093866   |b Book   |c Children Collection   |e Cawangan Pontian 
999 |a 0001093874   |b Book   |c Children Collection   |e Cawangan Bandar Penawar 
999 |a 0001093890   |b Book   |c Children Collection   |e Cawangan Segamat 
999 |a 0001093898   |b Book   |c Children Collection   |e Cawangan Mersing 
999 |a 0001093906   |b Book   |c Children Collection   |e Cawangan Bukit Gambir 
999 |a 0001093914   |b Book   |c Children Collection   |e Cawangan Taman Sri Lambak 
999 |a 0001093938   |b Book   |c Children Collection   |e Cawangan Taman Universiti 
999 |a 0001093962   |b Book   |c Children Collection   |e Cawangan Pontian 
999 |a 0001093970   |b Book   |c Children Collection   |e Cawangan Kota Tinggi 
999 |a 0001093978   |b Book   |c Children Collection   |e Cawangan Bandar Penawar 
999 |a 0001093986   |b Book   |c Children Collection   |e Cawangan Mersing 
999 |a 0001094010   |b Book   |c Children Collection   |e Cawangan Kota Tinggi 
999 |a 0001094018   |b Book   |c Children Collection   |e Cawangan Bandar Penawar 
999 |a 0001094026   |b Book   |c Children Collection   |e Cawangan Segamat 
999 |a 0001094042   |b Book   |c Children Collection   |e Cawangan Taman Sri Lambak 
999 |a 0001094066   |b Book   |c Children Collection   |e Cawangan Taman Universiti 
999 |a 0001094074   |b Book   |c Children Collection   |e Cawangan Tmn. Ungku Tun Aminah 
999 |a 0001094090   |b Book   |c Children Collection   |e Cawangan Mersing 
999 |a 0001094098   |b Book   |c Children Collection   |e Cawangan Pontian 
999 |a 0001094114   |b Book   |c Children Collection   |e Cawangan Bandar Penawar 
999 |a 0001094138   |b Book   |c Children Collection   |e Cawangan Pontian 
999 |a 0001094146   |b Book   |c Adult Collection   |e Cawangan Mersing 
999 |a 0001094154   |b Book   |c Children Collection   |e Cawangan Pontian 
999 |a 0001094162   |b Book   |c Children Collection   |e Cawangan Taman Sri Lambak 
999 |a 0001094178   |b Book   |c Children Collection   |e Cawangan Tangkak 
999 |a 0001094194   |b Book   |c Children Collection   |e Cawangan Taman Universiti 
999 |a 0001094202   |b Book   |c Children Collection   |e Cawangan Bandar Penawar